000 00280nam a22001217a 4500
008 170715b xxu||||| |||| 00| 0 eng d
041 _aeng
080 _a2
100 _a24
101 _aTEO
245 _aTHE ZIONIST CHRISTIAN CHURCH IN SOUTH AFRICA
_cNAUDE, P
942 _2udc
_cBK
999 _c21193
_d21193